Kabir sakhi sar: (Record no. 148139)
[ view plain ]
| 000 -LEADER | |
|---|---|
| fixed length control field | 00579nam a2200217Ia 4500 |
| 003 - CONTROL NUMBER IDENTIFIER | |
| control field | OSt |
| 005 - DATE AND TIME OF LATEST TRANSACTION | |
| control field | 20250215115459.0 |
| 008 - FIXED-LENGTH DATA ELEMENTS--GENERAL INFORMATION | |
| fixed length control field | 210210b1966 xxu||||| |||| 00| 0 eng d |
| 040 ## - CATALOGING SOURCE | |
| Transcribing agency | AL |
| 041 ## - LANGUAGE CODE | |
| Language code of text/sound track or separate title | hin |
| 082 ## - DEWEY DECIMAL CLASSIFICATION NUMBER | |
| Classification number | 861/189 |
| 100 ## - MAIN ENTRY--PERSONAL NAME | |
| Personal name | THARAKNATH: |
| 9 (RLIN) | 200000 |
| 110 ## - MAIN ENTRY--CORPORATE NAME | |
| Subordinate unit | तारकनाथ |
| 9 (RLIN) | 200001 |
| 245 ## - TITLE STATEMENT | |
| Title | Kabir sakhi sar: |
| Remainder of title | काभिर सकी सार |
| 260 ## - PUBLICATION, DISTRIBUTION, ETC. | |
| Place of publication, distribution, etc. | Agra |
| Name of publisher, distributor, etc. | Vinod Pustak Mandir |
| Date of publication, distribution, etc. | 1966 |
| 690 ## - LOCAL SUBJECT ADDED ENTRY--TOPICAL TERM (OCLC, RLIN) | |
| Topical term or geographic name as entry element | Hindi Poetry |
| 9 (RLIN) | 200002 |
| 700 ## - ADDED ENTRY--PERSONAL NAME | |
| Personal name | VASHIST |
| 9 (RLIN) | 200003 |
| 710 ## - ADDED ENTRY--CORPORATE NAME | |
| Subordinate unit | वशिष्ट |
| 9 (RLIN) | 200004 |
| 906 ## - LOCAL DATA ELEMENT F, LDF (RLIN) | |
| a | 023209 |
| 942 ## - ADDED ENTRY ELEMENTS (KOHA) | |
| Source of classification or shelving scheme | Dewey Decimal Classification |
| Koha item type | Book |
| Withdrawn status | Lost status | Source of classification or shelving scheme | Damaged status | Not for loan | Collection code | Home library | Current library | Date acquired | Cost, normal purchase price | Total Checkouts | Full call number | Barcode | Date last seen | Price effective from | Koha item type |
|---|---|---|---|---|---|---|---|---|---|---|---|---|---|---|---|
| Dewey Decimal Classification | Hindi | St Aloysius Library | St Aloysius Library | 02/17/2021 | 0.00 | 861/189 | 023209 | 02/17/2021 | 02/17/2021 | Book |